Comparación entre los métodos de programación de proyectos LSM y CPM para la planificación de la construcción de acueductos urbanos
Kaydedildi:
| Yazar: | |
|---|---|
| Diğer Yazarlar: | |
| Materyal Türü: | Kitap |
| Dil: | Spanish |
| Baskı/Yayın Bilgisi: |
[San José], Costa Rica
2022
|
| Konular: | |
| Etiketler: |
Etiketle
Etiket eklenmemiş, İlk siz ekleyin!
|
MARC
| LEADER | 00000nam a2200000Ia 4500 | ||
|---|---|---|---|
| 003 | 013560 | ||
| 005 | 20230413094815.0 | ||
| 008 | 140114s2022 cr a 000 ||spa d | ||
| 040 | |c cru CEDI | ||
| 100 | |a Pereira Mejía, Luis Alberto, 1996- |9 389 | ||
| 245 | |a Comparación entre los métodos de programación de proyectos LSM y CPM para la planificación de la construcción de acueductos urbanos | ||
| 260 | |a [San José], Costa Rica |c 2022 | ||
| 500 | |a Proyecto de graduación (licenciatura en ingeniería civil)--Universidad de Costa Rica. Facultad de Ingeniería. Escuela de Ingeniería Civil | ||
| 501 | |a Director del Proyecto de Graduación: Ing. Robert Anglin Fonseca, M.Sc. | ||
| 650 | |x INDUSTRIA DE LA CONSTRUCCION - PROGRAMAS PARA COMPUTADORA - DISEÑO |x ANALISIS DE REDES (PLANIFICACION) |x CONSTRUCCION - PLANIFICACION |x ANALISIS DE RUTA CRITICA |x SUMINISTRO DE AGUA |x PROGRAMACION LINEAL - METODOS |x PROYECTOS DE CONSTRUCCION - METODOS | ||
| 700 | |9 89 |a Anglin Fonseca, Robert Anthony, 1967- |d Director del TFG | ||
| 942 | |c CEDI |h TFG 8711 |6 TFG_8711_000000000000000 | ||
| 999 | |c 22063 |d 22063 | ||
